[Event "Nassau Masters 5th"]
[Site "Long Island"]
[Date "1995.??.??"]
[Round "6"]
[White "Ritter, Mark"]
[Black "La Flair, Roger"]
[Result "1/2-1/2"]
[WhiteElo "2400"]
[BlackElo "2390"]
[PlyCount "83"]
[EventDate "1995.??.??"]
[EventType "tourn"]
[EventRounds "20"]
[EventCountry "USA"]
[EventCategory "2"]
[SourceTitle "EXT 2002"]
[Source "ChessBase"]
[SourceDate "2001.11.25"]
[SourceVersion "1"]
[SourceVersionDate "2001.11.25"]
[SourceQuality "1"]

1. d4 d5 2. Nf3 Nf6 3. e3 Bg4 4. Be2 c5 5. dxc5 e6 6. c4 Bxc5 7. cxd5 Qxd5 8. Qa4+ Nc6 9. Nc3 Qd6 10. 0-0 0-0 11. a3 a5 12. Rd1 Qe7 13. h3 Bh5 14. e4 Bxf3 15. Bxf3 Nd7 16. Nb5 Nde5 17. Be2 Qh4 18. Rf1 Rad8 19. Qc2 b6 20. Bd2 Nd4 21. Nxd4 Rxd4 22. Bc3 Qxe4 23. Rac1 Qxc2 24. Rxc2 Rd5 25. Bxe5 Rxe5 26. Rd1 Rd5 27. Bf3 Rxd1+ 28. Bxd1 Rd8 29. Be2 Kf8 30. Kf1 Ke7 31. Ke1 f5 32. Bb5 Kf6 33. Ke2 e5 34. Rc4 e4 35. Rc2 Ke5 36. g3 g5 37. f3 h5 38. fxe4 fxe4 39. Rc1 Bd4 40. b3 Rf8 41. Rf1 Rc8 42. Rf5+ 1/2-1/2

[Event "Nassau Masters 4th"]
[Site "Mineola"]
[Date "1994.??.??"]
[Round "4"]
[White "Alexopoulos, Georgios"]
[Black "La Flair, Roger"]
[Result "1/2-1/2"]
[WhiteElo "2260"]
[BlackElo "2345"]
[PlyCount "54"]
[EventDate "1994.01.03"]
[EventType "tourn"]
[EventRounds "10"]
[EventCountry "USA"]
[EventCategory "1"]
[SourceTitle "EXT 2002"]
[Source "ChessBase"]
[SourceDate "2001.11.25"]
[SourceVersion "1"]
[SourceVersionDate "2001.11.25"]
[SourceQuality "1"]

1. e4 c5 2. Nf3 Nc6 3. c3 e5 4. Bc4 Qc7 5. 0-0 Be7 6. Ng5 Bxg5 7. Qh5 d5 8. exd5 Bh6 9. dxc6 Nf6 10. cxb7 Bxb7 11. Bb5+ Kf8 12. Qe2 Nd5 13. g3 g6 14. Na3 a6 15. Ba4 Nb6 16. Bc2 f5 17. Nc4 Nxc4 18. Qxc4 Kg7 19. d4 Bxc1 20. Raxc1 Qc6 21. f3 cxd4 22. Qb4 d3 23. Qe7+ Kh6 24. Qh4+ Kg7 25. Qe7+ Kh6 26. Qh4+ Kg7 27. Qe7+ Kh6 1/2-1/2

[Event "Nassau CC-ch"]
[Site "Mineola"]
[Date "1994.??.??"]
[Round "?"]
[White "La Flair, Roger"]
[Black "Dolgitser, Konstantin"]
[Result "1-0"]
[WhiteElo "2365"]
[BlackElo "2260"]
[PlyCount "117"]
[EventDate "1994.10.17"]
[EventType "swiss"]
[EventRounds "10"]
[EventCountry "USA"]
[SourceTitle "EXT 2002"]
[Source "ChessBase"]
[SourceDate "2001.11.25"]
[SourceVersion "1"]
[SourceVersionDate "2001.11.25"]
[SourceQuality "1"]

1. c4 c5 2. Nc3 Nc6 3. Nf3 Nf6 4. g3 g6 5. Bg2 Bg7 6. 0-0 0-0 7. d4 cxd4 8. Nxd4 Nxd4 9. Qxd4 d6 10. Qd3 a6 11. Rd1 Qc7 12. Bg5 Be6 13. b3 Rab8 14. Rac1 Qa5 15. Bd2 Qh5 16. Nd5 Bxd5 17. cxd5 Rfc8 18. h4 Qf5 19. Qxf5 gxf5 20. Bh3 Nxd5 21. Bxf5 e6 22. Be4 Rxc1 23. Rxc1 Nf6 24. Bf3 Ne8 25. Be3 d5 26. Bb6 Be5 27. e4 dxe4 28. Bxe4 Nf6 29. Bf3 Nd5 30. Bxd5 exd5 31. Rd1 d4 32. Rd2 Rc8 33. Kg2 Rc6 34. Bxd4 Bxd4 35. Rxd4 Rc2 36. a4 Rc3 37. Rb4 Rc7 38. Rb6 Re7 39. Kf3 Kg7 40. Kf4 f6 41. g4 Kf7 42. g5 fxg5+ 43. hxg5 Kg7 44. Kg4 Rd7 45. f4 Kf7 46. Kh5 Kg7 47. f5 Rc7 48. f6+ Kg8 49. Re6 Rc3 50. Re8+ Kf7 51. Re7+ Kg8 52. Rxb7 a5 53. Kg4 Re3 54. Kf4 Rh3 55. Kg4 Re3 56. Rg7+ Kh8 57. Re7 h5+ 58. Kxh5 Rxb3 59. Re8+ 1-0

[Event "Nassau CC-ch"]
[Site "Mineola"]
[Date "1994.??.??"]
[Round "?"]
[White "La Flair, Roger"]
[Black "Goregliad, Sergei"]
[Result "1/2-1/2"]
[WhiteElo "2365"]
[BlackElo "2310"]
[PlyCount "29"]
[EventDate "1994.10.17"]
[EventType "swiss"]
[EventRounds "10"]
[EventCountry "USA"]
[SourceTitle "EXT 2002"]
[Source "ChessBase"]
[SourceDate "2001.11.25"]
[SourceVersion "1"]
[SourceVersionDate "2001.11.25"]
[SourceQuality "1"]

1. Nf3 Nf6 2. c4 c5 3. Nc3 d5 4. cxd5 Nxd5 5. d4 Nxc3 6. bxc3 e6 7. e4 cxd4 8. cxd4 Bb4+ 9. Bd2 Qa5 10. Rb1 Bxd2+ 11. Qxd2 Qxd2+ 12. Kxd2 Ke7 13. Ke3 b6 14. Bd3 Bb7 15. Rhc1 1/2-1/2

[Event "Nassau Masters 4th"]
[Site "Mineola"]
[Date "1994.??.??"]
[Round "3"]
[White "La Flair, Roger"]
[Black "Kotlyar, Stanislav"]
[Result "1-0"]
[WhiteElo "2345"]
[BlackElo "2115"]
[PlyCount "47"]
[EventDate "1994.01.03"]
[EventType "tourn"]
[EventRounds "10"]
[EventCountry "USA"]
[EventCategory "1"]
[SourceTitle "EXT 2002"]
[Source "ChessBase"]
[SourceDate "2001.11.25"]
[SourceVersion "1"]
[SourceVersionDate "2001.11.25"]
[SourceQuality "1"]

1. d4 d5 2. c4 e6 3. Nc3 c6 4. e4 Bb4 5. e5 c5 6. a3 Bxc3+ 7. bxc3 Qc7 8. Nf3 Ne7 9. cxd5 exd5 10. Be2 0-0 11. 0-0 Nbc6 12. a4 f6 13. exf6 Rxf6 14. dxc5 Qa5 15. c4 Qxc5 16. Ba3 Qa5 17. cxd5 Nxd5 18. Bc4 Be6 19. Ng5 Rd8 20. Nxe6 Rxe6 21. Qb3 Ne5 22. Bb4 Nxb4 23. Bxe6+ Kh8 24. Rad1 1-0

[Event "Nassau Masters 4th"]
[Site "Mineola"]
[Date "1994.??.??"]
[Round "1"]
[White "La Flair, Roger"]
[Black "Weeramantry, Sunil"]
[Result "1/2-1/2"]
[WhiteElo "2345"]
[BlackElo "2270"]
[PlyCount "43"]
[EventDate "1994.01.03"]
[EventType "tourn"]
[EventRounds "10"]
[EventCountry "USA"]
[EventCategory "1"]
[SourceTitle "EXT 2002"]
[Source "ChessBase"]
[SourceDate "2001.11.25"]
[SourceVersion "1"]
[SourceVersionDate "2001.11.25"]
[SourceQuality "1"]

1. d4 Nf6 2. c4 g6 3. Nc3 Bg7 4. Nf3 0-0 5. Bf4 d6 6. e3 Nbd7 7. h3 c6 8. Be2 h6 9. 0-0 Qe8 10. Bh2 Nh7 11. Rc1 f5 12. b4 g5 13. d5 c5 14. Nb5 Qd8 15. bxc5 Nxc5 16. Nfd4 a6 17. Nc3 Nf6 18. Na4 Nxa4 19. Qxa4 Ne4 20. Rfd1 Nc5 21. Qa3 Qe8 22. Rb1 1/2-1/2

[Event "Nassau Masters 4th"]
[Site "Mineola"]
[Date "1994.??.??"]
[Round "2"]
[White "Ritter, Mark"]
[Black "La Flair, Roger"]
[Result "1/2-1/2"]
[WhiteElo "2400"]
[BlackElo "2345"]
[PlyCount "44"]
[EventDate "1994.01.03"]
[EventType "tourn"]
[EventRounds "10"]
[EventCountry "USA"]
[EventCategory "1"]
[SourceTitle "EXT 2002"]
[Source "ChessBase"]
[SourceDate "2001.11.25"]
[SourceVersion "1"]
[SourceVersionDate "2001.11.25"]
[SourceQuality "1"]

1. e4 c5 2. Nc3 Nc6 3. g3 g6 4. Bg2 Bg7 5. Nge2 d6 6. Nf4 Nf6 7. d3 Bg4 8. f3 Bd7 9. Be3 Nd4 10. Qd2 Bc6 11. 0-0 0-0 12. Rae1 Re8 13. Ncd5 e6 14. Nxf6+ Bxf6 15. c3 Nb5 16. Ne2 e5 17. f4 Nc7 18. fxe5 Bxe5 19. Nf4 Bg7 20. Qf2 Rf8 21. Nd5 Nxd5 22. exd5 Bd7 1/2-1/2

[Event "Nassau Masters 4th"]
[Site "Mineola"]
[Date "1994.??.??"]
[Round "2"]
[White "Weinstock, Solomon"]
[Black "La Flair, Roger"]
[Result "0-1"]
[WhiteElo "2245"]
[BlackElo "2345"]
[PlyCount "120"]
[EventDate "1994.01.03"]
[EventType "tourn"]
[EventRounds "10"]
[EventCountry "USA"]
[EventCategory "1"]
[SourceTitle "EXT 2002"]
[Source "ChessBase"]
[SourceDate "2001.11.25"]
[SourceVersion "1"]
[SourceVersionDate "2001.11.25"]
[SourceQuality "1"]

1. e4 c5 2. Nc3 Nc6 3. g3 g6 4. Bg2 Bg7 5. d3 d6 6. Be3 e5 7. Qd2 Nge7 8. Bh6 Bxh6 9. Qxh6 Nd4 10. Rc1 Be6 11. Nf3 Nxf3+ 12. Bxf3 Qb6 13. Rb1 Nc6 14. a3 Nd4 15. Bd1 Qc6 16. 0-0 f5 17. exf5 Nxf5 18. Qg5 0-0 19. Ne4 Kg7 20. Qd2 h6 21. Qe1 Nd4 22. f3 Rae8 23. c3 Nf5 24. g4 Ne7 25. g5 Nd5 26. gxh6+ Kxh6 27. Qh4+ Kg7 28. Ng5 Rh8 29. Nxe6+ Rxe6 30. Qe4 Nf4 31. Qxc6 bxc6 32. Ba4 d5 33. Rbd1 Kf6 34. Rd2 Ke7 35. Re1 Kd6 36. Bd1 a5 37. Kh1 Re7 38. Rg1 Rb7 39. Rg3 Rhb8 40. b3 d4 41. c4 a4 42. bxa4 Rb2 43. Rxb2 Rxb2 44. a5 Ra2 45. a4 Kc7 46. Rg1 Kb7 47. Rf1 Ka6 48. Kg1 Nh3+ 49. Kh1 Nf4 50. Kg1 Rg2+ 51. Kh1 Rd2 52. Bb3 Rb2 53. Bd1 Kxa5 54. Kg1 Rg2+ 55. Kh1 Rd2 56. Bb3 Rb2 57. Bd1 Kb4 58. Kg1 Nh3+ 59. Kh1 Nf2+ 60. Kg1 Nxd3 0-1

[Event "Nassau CC-ch"]
[Site "Mineola"]
[Date "1993.??.??"]
[Round "?"]
[White "La Flair, Roger"]
[Black "Keck, David E"]
[Result "1-0"]
[WhiteElo "2330"]
[BlackElo "2180"]
[PlyCount "33"]
[EventDate "1993.10.18"]
[EventType "swiss"]
[EventRounds "10"]
[EventCountry "USA"]
[SourceTitle "EXT 2002"]
[Source "ChessBase"]
[SourceDate "2001.11.25"]
[SourceVersion "1"]
[SourceVersionDate "2001.11.25"]
[SourceQuality "1"]

1. d4 d5 2. c4 c6 3. Nf3 Nf6 4. Nc3 e6 5. Bg5 Nbd7 6. e3 Bd6 7. Qc2 h6 8. Bh4 Qa5 9. Bd3 0-0 10. 0-0 Re8 11. Rad1 dxc4 12. Bxc4 e5 13. Bg3 Nh5 14. Qg6 Nxg3 15. Bxf7+ Kh8 16. Bxe8 Nxf1 17. Bxd7 1-0

[Event "Nassau CC-ch"]
[Site "Mineola"]
[Date "1993.??.??"]
[Round "?"]
[White "La Flair, Roger"]
[Black "McCarthy, Brian"]
[Result "1/2-1/2"]
[WhiteElo "2330"]
[BlackElo "2245"]
[PlyCount "22"]
[EventDate "1993.10.18"]
[EventType "swiss"]
[EventRounds "10"]
[EventCountry "USA"]
[SourceTitle "EXT 2002"]
[Source "ChessBase"]
[SourceDate "2001.11.25"]
[SourceVersion "1"]
[SourceVersionDate "2001.11.25"]
[SourceQuality "1"]

1. d4 d5 2. c4 c6 3. cxd5 cxd5 4. Nf3 Nf6 5. Nc3 e6 6. Bf4 Bb4 7. Rc1 0-0 8. a3 Bxc3+ 9. Rxc3 Ne4 10. Rc1 Qa5+ 11. Nd2 Nxd2 1/2-1/2

[Event "Nassau CC-ch"]
[Site "Mineola"]
[Date "1993.??.??"]
[Round "?"]
[White "Sagalchik, Gennadij"]
[Black "La Flair, Roger"]
[Result "1/2-1/2"]
[WhiteElo "2545"]
[BlackElo "2330"]
[PlyCount "107"]
[EventDate "1993.10.18"]
[EventType "swiss"]
[EventRounds "10"]
[EventCountry "USA"]
[SourceTitle "EXT 2002"]
[Source "ChessBase"]
[SourceDate "2001.11.25"]
[SourceVersion "1"]
[SourceVersionDate "2001.11.25"]
[SourceQuality "1"]

1. d4 d5 2. c4 c6 3. Nc3 Nf6 4. e3 e6 5. Nf3 Nbd7 6. Bd3 Bd6 7. 0-0 0-0 8. e4 dxc4 9. Bxc4 e5 10. h3 Qe7 11. Re1 exd4 12. Nxd4 Ne5 13. Bb3 Rd8 14. Qe2 Ng6 15. Nf3 Bf4 16. e5 Nh5 17. Qe4 Bxc1 18. Raxc1 Nhf4 19. Bc2 Be6 20. h4 Nd5 21. h5 Nxc3 22. bxc3 Nf8 23. Nd4 Qg5 24. f4 Qxh5 25. f5 Bd5 26. Qf4 g5 27. Qg3 Qh4 28. Qxh4 gxh4 29. Bb1 c5 30. Nb5 Bc6 31. Nd6 f6 32. Rcd1 fxe5 33. Bc2 Nd7 34. Bb3+ Kg7 35. Be6 Kf6 36. Nxb7 Bxb7 37. Bxd7 Rg8 38. Rd6+ Ke7 39. Rd2 Rxg2+ 40. Rxg2 Bxg2 41. Kxg2 Kxd7 42. Rxe5 Rg8+ 43. Kh3 Rg3+ 44. Kxh4 Rxc3 45. f6 Rf3 46. Kg5 c4 47. Re7+ Kd6 48. Rxa7 c3 49. Rxh7 c2 50. Rh1 Rc3 51. Rc1 Ke6 52. a4 Kf7 53. Kf5 Rc4 54. Ke5 1/2-1/2

[Event "Nassau Masters 3rd"]
[Site "Long Island"]
[Date "1993.??.??"]
[Round "9"]
[White "Weldon, Charles"]
[Black "La Flair, Roger"]
[Result "1-0"]
[WhiteElo "2330"]
[BlackElo "2310"]
[PlyCount "111"]
[EventDate "1993.??.??"]
[EventType "tourn"]
[EventRounds "10"]
[EventCountry "USA"]
[EventCategory "2"]
[SourceTitle "EXT 2002"]
[Source "ChessBase"]
[SourceDate "2001.11.25"]
[SourceVersion "1"]
[SourceVersionDate "2001.11.25"]
[SourceQuality "1"]

1. d4 Nf6 2. Nf3 g6 3. c4 Bg7 4. g3 0-0 5. Bg2 d5 6. cxd5 Nxd5 7. 0-0 Nb6 8. Nc3 Nc6 9. Bf4 Nxd4 10. Nxd4 Bxd4 11. Qc1 Bxc3 12. bxc3 c6 13. Rd1 Bd7 14. c4 Qc8 15. a4 Be6 16. c5 Nd5 17. Bh6 Rd8 18. Qb2 Nf6 19. Rxd8+ Qxd8 20. Qxb7 Bd5 21. Bxd5 cxd5 22. c6 Ne8 23. Bf4 Rc8 24. Rc1 f6 25. Qxa7 e5 26. Bh6 Rc7 27. Qc5 Qd6 28. Bd2 Qxc5 29. Rxc5 Kf7 30. Rxd5 Rxc6 31. Rd7+ Ke6 32. Rxh7 Nc7 33. h4 Rc2 34. Ba5 Nd5 35. e4 Ne7 36. Bb6 Rc4 37. a5 Rxe4 38. a6 Ra4 39. a7 Nc8 40. Be3 Kd6 41. Rg7 Ne7 42. Rf7 Nd5 43. Rf8 Nxe3 44. a8Q Rxa8 45. Rxa8 Nd5 46. Kg2 Ke6 47. Ra7 Ne7 48. g4 Nd5 49. Kg3 Ne7 50. h5 gxh5 51. gxh5 Nf5+ 52. Kh3 Nh6 53. Rh7 Nf7 54. Kh4 Nd6 55. h6 f5 56. Ra7 1-0

[Event "New York op"]
[Site "New York"]
[Date "1993.??.??"]
[Round "4"]
[White "Wojtkiewicz, Aleksander"]
[Black "La Flair, Roger"]
[Result "1-0"]
[WhiteElo "2580"]
[BlackElo "2310"]
[PlyCount "81"]
[EventDate "1993.04.07"]
[EventType "swiss"]
[EventRounds "9"]
[EventCountry "USA"]
[SourceTitle "TD"]
[Source "ChessBase"]
[SourceDate "1994.03.01"]
[SourceVersion "1"]
[SourceVersionDate "1994.03.01"]
[SourceQuality "1"]

1. Nf3 Nf6 2. c4 c5 3. Nc3 Nc6 4. g3 g6 5. Bg2 Bg7 6. d4 cxd4 7. Nxd4 Nxd4 8. Qxd4 0-0 9. 0-0 d6 10. Qd3 a6 11. Be3 Bf5 12. Qd2 Ng4 13. Bd4 Ne5 14. b3 Rb8 15. a4 Nc6 16. Bxg7 Kxg7 17. Nd5 a5 18. Rfd1 Qc8 19. Qc3+ Kg8 20. Rac1 Bh3 21. Nb6 Qe6 22. Bf3 Qe5 23. Qxe5 Nxe5 24. Rd5 Nc6 25. Rcd1 Be6 26. Rb5 Rfd8 27. Kg2 Kf8 28. g4 h6 29. Kg3 g5 30. Bd5 Kg7 31. h4 Kf6 32. e3 Rg8 33. Rh1 Rbd8 34. hxg5+ hxg5 35. Rh6+ Rg6 36. Rxg6+ Kxg6 37. Bxc6 bxc6 38. Rxa5 Rb8 39. Ra6 c5 40. a5 Rh8 41. Ra8 1-0

[Event "Nassau CC-ch"]
[Site "Long Island"]
[Date "1992.??.??"]
[Round "7"]
[White "Goregliad, Sergei"]
[Black "La Flair, Roger"]
[Result "1/2-1/2"]
[WhiteElo "2275"]
[BlackElo "2330"]
[PlyCount "90"]
[EventDate "1992.??.??"]
[EventType "swiss"]
[EventRounds "10"]
[EventCountry "USA"]
[SourceTitle "EXT 1997"]
[Source "ChessBase"]
[SourceDate "1996.11.15"]
[SourceVersion "1"]
[SourceVersionDate "1996.11.15"]
[SourceQuality "1"]

1. d4 d5 2. c4 c6 3. Nc3 Nf6 4. e3 e6 5. Nf3 Nbd7 6. Bd3 dxc4 7. Bxc4 b5 8. Bd3 a6 9. 0-0 c5 10. Qe2 Bb7 11. Rd1 Qb8 12. e4 cxd4 13. Nxd4 Bd6 14. h3 0-0 15. Re1 Rd8 16. Bg5 h6 17. Bxf6 Nxf6 18. Nf3 e5 19. Rad1 Qc7 20. Nh4 g6 21. Nf3 Kg7 22. Rc1 Qb6 23. Red1 Rac8 24. g4 Bb8 25. Rc2 Rd7 26. Rcd2 Rcd8 27. Bc2 b4 28. Rxd7 Rxd7 29. Rxd7 Nxd7 30. Nb1 Nc5 31. Nbd2 Ne6 32. Nc4 Qc5 33. Nfd2 Nf4 34. Qf3 Ba7 35. Ne3 Qd4 36. Ndc4 Bc6 37. Kh2 Bb5 38. Bb3 a5 39. Nxa5 Qxb2 40. Nac4 Qc3 41. Nd6 Be2 42. Qg3 Bxe3 43. Qxe3 Qxe3 44. fxe3 Ne6 45. Ne8+ Kf8 1/2-1/2

[Event "World op 20th"]
[Site "Philadelphia"]
[Date "1992.??.??"]
[Round "?"]
[White "La Flair, Roger"]
[Black "Hook, William"]
[Result "1-0"]
[WhiteElo "2330"]
[BlackElo "2215"]
[PlyCount "83"]
[EventDate "1992.06.??"]
[EventType "swiss"]
[EventRounds "9"]
[EventCountry "USA"]
[SourceTitle "TD"]
[Source "ChessBase"]
[SourceDate "1994.03.01"]
[SourceVersion "1"]
[SourceVersionDate "1994.03.01"]
[SourceQuality "1"]

1. d4 Nf6 2. c4 g6 3. Nc3 Bg7 4. e4 d6 5. Nf3 0-0 6. Be2 Nbd7 7. 0-0 c5 8. d5 a6 9. Bg5 h6 10. Bf4 Ne8 11. a4 Rb8 12. Re1 Ne5 13. Nd2 g5 14. Bg3 f5 15. exf5 Bxf5 16. Nf3 Ng6 17. Bd3 Qd7 18. Qc2 Bxd3 19. Qxd3 Qf5 20. Qd2 Nf6 21. Re6 Rf7 22. Rae1 Nh5 23. Ne4 Bf8 24. Nxc5 Ngf4 25. Nd4 Qh7 26. Nd7 Rd8 27. Nxf8 Rdxf8 28. R6e3 Rc8 29. b3 Nf6 30. Ne6 Nxe6 31. Rxe6 Nd7 32. R6e3 b6 33. h4 a5 34. Qe2 Kf8 35. hxg5 hxg5 36. Qg4 Rc7 37. Qxg5 Nf6 38. Qh4 Qg6 39. Qh8+ Ng8 40. Bxd6 Rh7 41. Qxh7 Qxh7 42. Bxc7 1-0

[Event "World op 20th"]
[Site "Philadelphia"]
[Date "1992.??.??"]
[Round "7"]
[White "La Flair, Roger"]
[Black "McCarthy, Brian"]
[Result "1/2-1/2"]
[WhiteElo "2330"]
[BlackElo "2275"]
[PlyCount "103"]
[EventDate "1992.06.??"]
[EventType "swiss"]
[EventRounds "9"]
[EventCountry "USA"]
[SourceTitle "TD"]
[Source "ChessBase"]
[SourceDate "1994.03.01"]
[SourceVersion "1"]
[SourceVersionDate "1994.03.01"]
[SourceQuality "1"]

1. d4 g6 2. e4 d6 3. Nc3 c6 4. Be3 Bg7 5. a4 Nf6 6. h3 Qc7 7. Nf3 0-0 8. Be2 e5 9. dxe5 dxe5 10. Bc4 b6 11. Qe2 a5 12. 0-0 Ba6 13. Rad1 Bxc4 14. Qxc4 Na6 15. Rd2 Nd7 16. Nb5 Qb7 17. Nd6 Qc7 18. Ng5 Ndc5 19. f4 h6 20. Ngxf7 b5 21. axb5 cxb5 22. Nxh6+ Kh7 23. Nxb5 Qe7 24. Ng4 exf4 25. Bxf4 Qxe4 26. Qxe4 Nxe4 27. Rd7 Nac5 28. Rxg7+ Kxg7 29. Bh6+ Kg8 30. Bxf8 Rxf8 31. Rxf8+ Kxf8 32. Kf1 Ne6 33. Ke2 g5 34. Kd3 Ng3 35. Kc4 Ne2 36. Ne3 Ke7 37. c3 N2f4 38. Nd4 Nc7 39. Nf3 Kf6 40. b3 Ne2 41. b4 a4 42. Nc2 Nf4 43. Nfe1 Kf5 44. b5 Nfd5 45. Nd4+ Ke4 46. Nec2 Ne8 47. Nf3 Nd6+ 48. Kc5 Nb7+ 49. Kc4 Nd6+ 50. Kc5 Nb7+ 51. Kc6 Na5+ 52. Kc5 1/2-1/2

[Event "Nassau Masters"]
[Site "Long Island"]
[Date "1992.??.??"]
[Round "10"]
[White "La Flair, Roger"]
[Black "Simpson, Ronald"]
[Result "1-0"]
[WhiteElo "2330"]
[BlackElo "2285"]
[PlyCount "67"]
[EventDate "1992.??.??"]
[EventType "tourn"]
[EventRounds "10"]
[EventCountry "USA"]
[EventCategory "3"]
[SourceTitle "EXT 1997"]
[Source "ChessBase"]
[SourceDate "1996.11.15"]
[SourceVersion "1"]
[SourceVersionDate "1996.11.15"]
[SourceQuality "1"]

1. d4 Nf6 2. c4 c5 3. d5 b5 4. cxb5 a6 5. Nc3 axb5 6. e4 b4 7. Nb5 d6 8. Bc4 Ra5 9. Qe2 Ba6 10. a4 Nfd7 11. b3 Ne5 12. Bb2 Nxc4 13. bxc4 Bxb5 14. cxb5 Nd7 15. Nf3 f6 16. 0-0 g6 17. Ng5 Bh6 18. Ne6 Qb6 19. Kh1 Nf8 20. Nxf8 Bxf8 21. f4 Bg7 22. e5 0-0 23. exf6 exf6 24. f5 g5 25. Rfe1 Qc7 26. Qe6+ Rf7 27. Qe8+ Bf8 28. Qc6 Re7 29. b6 Qd7 30. Rxe7 Qxe7 31. b7 c4 32. b8Q c3 33. Bxc3 Rc5 34. Qxb4 1-0

[Event "Nassau Masters"]
[Site "Long Island"]
[Date "1992.??.??"]
[Round "5"]
[White "Simpson, Ronald"]
[Black "La Flair, Roger"]
[Result "1-0"]
[WhiteElo "2285"]
[BlackElo "2330"]
[PlyCount "95"]
[EventDate "1992.??.??"]
[EventType "tourn"]
[EventRounds "10"]
[EventCountry "USA"]
[EventCategory "3"]
[SourceTitle "EXT 1997"]
[Source "ChessBase"]
[SourceDate "1996.11.15"]
[SourceVersion "1"]
[SourceVersionDate "1996.11.15"]
[SourceQuality "1"]

1. c4 Nf6 2. g3 g6 3. Bg2 Bg7 4. Nc3 c5 5. e4 Nc6 6. Nge2 0-0 7. 0-0 Ne8 8. d3 Nc7 9. Be3 Ne6 10. Qd2 Ned4 11. Bh6 d6 12. Bxg7 Kxg7 13. f4 f5 14. Rae1 Bd7 15. Nxd4 cxd4 16. Ne2 e5 17. b4 fxe4 18. Bxe4 Bf5 19. Bg2 Qc7 20. Nc1 Rae8 21. b5 Nb8 22. h3 h5 23. fxe5 dxe5 24. Rf2 Nd7 25. Ref1 Be6 26. Qg5 Rxf2 27. Rxf2 Bf7 28. Ne2 Qd8 29. Qc1 Nc5 30. Qa3 Qb6 31. Bf1 e4 32. Nxd4 Nxd3 33. Qc3 Kg8 34. Bxd3 exd3 35. c5 Qc7 36. Qxd3 Qxc5 37. Nf3 Qc4 38. Qd2 Qc7 39. Kh2 Qe7 40. Ng5 Be6 41. Re2 Qd7 42. Qc2 Bf7 43. Rf2 Rc8 44. Qb1 Be8 45. Qb3+ Kg7 46. Ne6+ Kh6 47. Qe3+ Kh7 48. Nf8+ 1-0

[Event "Nassau CC-ch"]
[Site "Long Island"]
[Date "1991.??.??"]
[Round "4"]
[White "La Flair, Roger"]
[Black "Bonin, Jay R"]
[Result "1/2-1/2"]
[WhiteElo "2330"]
[BlackElo "2435"]
[PlyCount "93"]
[EventDate "1991.??.??"]
[EventType "swiss"]
[EventRounds "9"]
[EventCountry "USA"]
[SourceTitle "EXT 2002"]
[Source "ChessBase"]
[SourceDate "2001.11.25"]
[SourceVersion "1"]
[SourceVersionDate "2001.11.25"]
[SourceQuality "1"]

1. d4 Nf6 2. c4 e6 3. Nf3 Bb4+ 4. Nc3 b6 5. Bg5 h6 6. Bh4 g5 7. Bg3 Ne4 8. Nd2 Bxc3 9. bxc3 Nxg3 10. hxg3 Bb7 11. e3 d6 12. a4 Nd7 13. a5 Nf6 14. Be2 Bxg2 15. Rh2 Bc6 16. Bf3 Bxf3 17. Qxf3 Ke7 18. g4 c5 19. Ke2 Rb8 20. Rah1 h5 21. gxh5 bxa5 22. h6 Rb2 23. h7 g4 24. Qf4 e5 25. Qf5 Qd7 26. Qxd7+ Kxd7 27. Kd3 g3 28. Rh4 gxf2 29. Ne4 Nxe4 30. Kxe4 a4 31. dxe5 a3 32. Rf4 a2 33. Rxf7+ Kc6 34. Rd1 dxe5 35. Rf6+ Kc7 36. Rf7+ Kc8 37. Rg7 Rb1 38. Rg8+ Kc7 39. Rxh8 Rxd1 40. Rc8+ Kxc8 41. h8Q+ Rd8 42. Qf6 Rd7 43. Qc6+ Kd8 44. Qf6+ Kc7 45. Qxe5+ Kb7 46. Qe8 Kc7 47. Qe5+ 1/2-1/2

[Event "Nassau CC-ch"]
[Site "Long Island"]
[Date "1991.??.??"]
[Round "7"]
[White "La Flair, Roger"]
[Black "Dolgitser, Konstantin"]
[Result "1-0"]
[WhiteElo "2330"]
[BlackElo "2280"]
[PlyCount "79"]
[EventDate "1991.??.??"]
[EventType "swiss"]
[EventRounds "9"]
[EventCountry "USA"]
[SourceTitle "EXT 2002"]
[Source "ChessBase"]
[SourceDate "2001.11.25"]
[SourceVersion "1"]
[SourceVersionDate "2001.11.25"]
[SourceQuality "1"]

1. d4 Nf6 2. c4 e6 3. Nf3 Bb4+ 4. Nc3 0-0 5. Bg5 c5 6. e3 Qa5 7. Bxf6 Bxc3+ 8. bxc3 Qxc3+ 9. Nd2 gxf6 10. Rc1 Qa5 11. Qg4+ Kh8 12. Qh4 Kg7 13. Bd3 Rh8 14. Qg3+ Kf8 15. Qd6+ Ke8 16. Ke2 cxd4 17. exd4 Nc6 18. c5 Qxa2 19. Qf4 f5 20. Rhd1 Qb2 21. Rc4 b5 22. cxb6 axb6 23. Rb1 Qa2 24. Rxb6 Ra4 25. Qc7 Ra8 26. d5 Qa7 27. Rbxc6 dxc6 28. Qe5 Rf8 29. Rxc6 Bd7 30. Rc7 Qa4 31. dxe6 fxe6 32. Nc4 Qa2+ 33. Kf3 Rd8 34. Nd6+ Ke7 35. Nxf5+ Rxf5+ 36. Bxf5 Rf8 37. Qg7+ Kd6 38. Qxd7+ Ke5 39. Qg7+ Rf6 40. Rc5+ 1-0

[Event "Nassau Masters 1st"]
[Site "Long Island"]
[Date "1991.??.??"]
[Round "3"]
[White "La Flair, Roger"]
[Black "Dolgitser, Konstantin"]
[Result "1-0"]
[WhiteElo "2330"]
[BlackElo "2280"]
[PlyCount "87"]
[EventDate "1991.??.??"]
[EventType "tourn"]
[EventRounds "5"]
[EventCountry "USA"]
[EventCategory "2"]
[SourceTitle "EXT 2002"]
[Source "ChessBase"]
[SourceDate "2001.11.25"]
[SourceVersion "1"]
[SourceVersionDate "2001.11.25"]
[SourceQuality "1"]

1. d4 d5 2. c4 e6 3. Nc3 Nf6 4. Bg5 Be7 5. e3 h6 6. Bxf6 Bxf6 7. Nf3 c6 8. Qc2 0-0 9. 0-0-0 Qa5 10. h4 h5 11. Ng5 g6 12. Be2 e5 13. dxe5 Bxe5 14. cxd5 Bxc3 15. Qxc3 Qxa2 16. Bc4 Qa4 17. Bb3 Qb5 18. Ne4 Nd7 19. dxc6 Qxc6 20. Qxc6 bxc6 21. Rxd7 Bxd7 22. Nf6+ Kg7 23. Nxd7 Rfc8 24. Nc5 Rd8 25. Kc2 Rab8 26. Bc4 Re8 27. Ra1 Re7 28. Kc3 Rb6 29. b4 Rb8 30. Rd1 Rc8 31. Ba6 Rb8 32. Rd6 Rc7 33. e4 Kf8 34. Bc4 Re8 35. f4 Ke7 36. e5 Rd8 37. Rf6 Rf8 38. g3 Rcc8 39. Ne4 Rc7 40. e6 fxe6 41. Rxe6+ Kd8 42. Rxg6 Re8 43. Nc5 Rh7 44. Be6 1-0